Largest Pizza Chains Quiz Stats

 Plays Quiz Updated Oct 23, 2020

Support Sporcle.
Go Orange.
Score 0/20 Timer 05:00
6 Plays Today
Rank Chain % Correct
1Pizza Hut
97.7%
2Domino's Pizza
94.3%
4Papa John's Pizza
85.7%
9Cici's Pizza
49.3%
3Little Caesars
48.4%
7Sbarro's Italian Eatery
25.7%
5Papa Murphy's Take 'N' Bake Pizza
19.6%
17UNO Chicago Grill
17.6%
10Marco's Pizza
17.5%
6California Pizza Kitchen
16.7%
Rank Chain % Correct
13Jet's Pizza
12.3%
15Godfather's Pizza
11.1%
16Pizza Ranch
9%
8Chuck E. Cheese's
8.8%
12Hungry Howie's Pizza
8.4%
18Mellow Mushroom
8.3%
11Round Table Pizza
6.9%
14Old Chicago/Rock Bottom Restaurant
6.1%
19Rosati's Pizza
4.2%
20Peter Piper Pizza
3.7%

From the Vault

French Open Women's Seeds 2003-2020

by dabbas

Sports 8m
Be glad that Navratilova didn't make this list, she's the Kyrgyzstan of women's tennis.
Remove Ads.
Support Sporcle.
Get the best of Sporcle when you Go Orange. This ad-free experience offers more features, more stats, and more fun while also helping to support Sporcle. Thank you for becoming a member.

Show Comments

Extras

Top Quizzes Today


Score Distribution

Your Account Isn't Verified!

In order to create a playlist on Sporcle, you need to verify the email address you used during registration. Go to your Sporcle Settings to finish the process.

Report this User

Report this user for behavior that violates our Community Guidelines.

Details: